000 00777nac a22002537a 4500
001 BR7601300
003 BR-BrBNA
005 20240105113927.0
008 230509b bl.|||m| |||| 00| 0 por d
040 _aBR-BrBNA
_bpor
_cBiblioteca Nacional de Agricultura
072 _aL00
090 _a5250 BR7601300
110 1 _aEmpresa Brasileira de Pesquisa Agropecuaria, Brasilia, DF
_93834
245 1 _aSistemas de producao para caprinos [Brasil]
260 3 _aBrasilia, DF (Brasil):
_c1975.
300 _a35 p.
490 _aCircular - Empresa Brasileira de Pesquisa Agropecuaria (Brazil)
_vno. 50
_x
500 _a6 tables
650 _aCAPRINO
650 _aMANEJO
650 _aPERNAMBUCO
909 _a202312
_bLúcia Elande
_c55
_dLúcia Elande
942 _2AGRIS
_n0
_cMS
999 _c266394
_d266394